Las paradojas de la ciencia: la mente y el desarrollo humano

Gespeichert in:
Bibliographische Detailangaben
1. Verfasser: Jaramillo Antillón, Juan, 1935-
Format: Buch
Sprache:Spanish
Veröffentlicht: San Pedro de Montes de Oca, Costa Rica : Editorial de la Universidad de Costa Rica, 1995.
Schlagworte:
Tags: Tag hinzufügen
Keine Tags, Fügen Sie den ersten Tag hinzu!

MARC

LEADER 00000nam a2200000Ia 4500
003 002096
005 20221231143948.0
008 140114s1995 cr a 000 ||spa d
040 |c cru CEDI 
082 |a  501 J37p 
100 |a Jaramillo Antillón, Juan, 1935-  |9 21254 
245 |a Las paradojas de la ciencia: la mente y el desarrollo humano  
260 |a San Pedro de Montes de Oca, Costa Rica : Editorial de la Universidad de Costa Rica,  |c  1995. 
300 |a 397 páginas : ilustraciones (algunas a color) 
648 |v CIENCIA  |9 21255 
942 |2 ddc  |c BK 
999 |c 14847  |d 14847